Trabzonspor Squad 2023-2024 - Statistics

General Stats
  • This quiz has been taken 93 times
    72 since last reset
  • The average score is 21 of 35
Answer Stats
# Position Nation Player % Correct
1 GK Turkey Uğurcan Çakır
96%
7 FW Bosnia and Herzegovina Edin Višća
83%
11 MF Greece Anastasios Bakasetas
81%
30 FW Nigeria Paul Onuachu
81%
8 MF North Macedonia Enis Bardhi
79%
29 FW Ivory Coast Nicolas Pépé
77%
6 MF France Batista Mendy
75%
27 FW Egypt Mahmoud Trezeguet
75%
- Coach Turkey Abdullah Avcı
74%
24 DF Suriname Stefano Denswil
74%
94 FW Turkey Enis Destan
72%
18 DF Turkey Eren Elmalı
70%
99 FW Croatia Mislav Oršić
70%
10 MF Turkey Abdülkadir Ömür
66%
4 DF Turkey Hüseyin Türkmen
66%
54 GK Turkey Taha Tepe
66%
14 FW Greece Taxiarchis Fountas
66%
12 DF Belgium Thomas Meunier
66%
5 MF Turkey Berat Özdemir
58%
9 FW Turkey Umut Bozok
57%
32 DF Croatia Filip Benković
55%
3 DF Spain Joaquín Fernández
55%
19 DF Denmark Jens Stryger Larsen
53%
- Coach Croatia Nenad Bjelica
53%
91 FW Croatia Tonio Teklić
47%
21 MF Greece Dimitrios Kourbelis
45%
25 GK Turkey Onuralp Çevikkan
45%
2 DF Turkey Rayyan Baniya
45%
23 MF Turkey Umut Güneş
45%
50 DF Turkey Mehmet Aydın
38%
73 DF Turkey Arif Boşluk
34%
20 MF Montenegro Ognjen Bakić
34%
98 GK Turkey Kağan Moradaoğlu
30%
33 MF Turkey Göktan Gürpüz
25%
16 MF Turkey Kerem Şen
23%
No matching quizzes found
Score Distribution
Percent of People with Each Score
Percentile by Number Answered
Your Score History
You have not taken this quiz since the last reset